Spravodlivejšie rozdeľovanie peňazí školstvu od budúceho roka

Nový model financovania základných a stredných škôl a školských zariadení sa pri rozpočtovaní bude orientovať na regióny. Nový pohľad na financovanie neštátneho školstva - zrovnoprávnenie neštátnych škôl. Zákonný nárok na mzdy a energie. Viacero alternatív financovania škôl (napr. poukážkový systém)...

Ausführliche Beschreibung

Gespeichert in:
Bibliographische Detailangaben
1. Verfasser: Reiselová, Eva
Format: Buchkapitel
Sprache:Slowakisch
Schlagworte:
Tags: Tag hinzufügen
Keine Tags, Fügen Sie das erste Tag hinzu!

MARC

LEADER 00000naa a2200000 4500
001 r042865
005 20230921111437.9
041 0 |a slo 
044 |a SK 
245 1 0 |a Spravodlivejšie rozdeľovanie peňazí školstvu od budúceho roka  |c Eva Reiselová 
520 |a Nový model financovania základných a stredných škôl a školských zariadení sa pri rozpočtovaní bude orientovať na regióny. Nový pohľad na financovanie neštátneho školstva - zrovnoprávnenie neštátnych škôl. Zákonný nárok na mzdy a energie. Viacero alternatív financovania škôl (napr. poukážkový systém). 
610 2 0 |a školstvo 
610 2 0 |a školy základné 
610 2 0 |a školy stredné 
610 2 0 |a zariadenia školské 
610 2 0 |a financovanie 
610 2 0 |a školy súkromné 
610 2 0 |a zákony 
610 2 0 |a Slovensko 
610 2 0 |a 2002 
100 1 |a Reiselová, Eva